Sports Quiz

Random Sports or WWE Quiz
Score 0/28 Timer 10:00
0 Plays Today
Hint Answer % Correct
SummerSlam 1988New York, New York
95.6%
SummerSlam 1991New York, New York
95.6%
SummerSlam 1998New York, New York
95.6%
SummerSlam 2009Los Angeles, California
93.1%
SummerSlam 2010Los Angeles, California
93.1%
SummerSlam 2011Los Angeles, California
93.1%
SummerSlam 2012Los Angeles, California
93.1%
SummerSlam 2013Los Angeles, California
93.1%
SummerSlam 2014Los Angeles, California
93.1%
SummerSlam 1994Chicago, Illinois
81.5%
SummerSlam 2006Boston, Massachusetts
74.3%
SummerSlam 2015Brooklyn, New York
71.6%
SummerSlam 1990Philadelphia, Pennsylvania
68.4%
SummerSlam 1993Auburn Hills, Michigan
63.7%
Hint Answer % Correct
SummerSlam 2004Toronto, Ontario
59.7%
SummerSlam 2005Washington, D.C.
58.5%
SummerSlam 1992London, England
58%
SummerSlam 1995Pittsburgh, Pennsylvania
55.8%
SummerSlam 2003Phoenix, Arizona
55.6%
SummerSlam 1996Cleveland, Ohio
55%
SummerSlam 1999Minneapolis, Minnesota
51.5%
SummerSlam 2008Indianapolis, Indiana
46.9%
SummerSlam 2001San Jose, California
37.2%
SummerSlam 1989East Rutherford, New Jersey
37%
SummerSlam 1997East Rutherford, New Jersey
37%
SummerSlam 2007East Rutherford, New Jersey
37%
SummerSlam 2000Raleigh, North Carolina
32.8%
SummerSlam 2002Uniondale, New York
22.7%
Remove Ads.
Support Sporcle.
Get the best of Sporcle when you Go Orange. This ad-free experience offers more features, more stats, and more fun while also helping to support Sporcle. Thank you for becoming a member.

You're not logged in!

Compare scores with friends on all Sporcle quizzes.
OR
Log In

Show Comments

Extras

Top Quizzes Today


Score Distribution

Your Account Isn't Verified!

In order to create a playlist on Sporcle, you need to verify the email address you used during registration. Go to your Sporcle Settings to finish the process.

Report this User

Report this user for behavior that violates our Community Guidelines.

Details: